Städte anhand ihrer Koordinaten bestimmen - Statistiken

Allgemein
  • Dieses Quiz wurde 47 mal gespielt
  • Das Durchschnittsergebnis liegt bei 4 aus 15
Antwortstatistiken
Koordinaten Stadt % Korrekt
33° 51′ S , 151° 12′ O Sydney
87%
6° 11′ S , 106° 50′ O Jakarta
83%
34° 3′ N , 118° 15′ W Los Angeles
48%
25° 16′ N , 55° 18′ O Dubai
26%
31° 14′ N , 121° 28′ O Shanghai
26%
26° 12′ S , 28° 4′ O Johannesburg
22%
53° 25′ N , 2° 59′ W Liverpool
22%
22° 54′ S , 43° 12′ W Rio de Janeiro
22%
4° 36′ N , 74° 5′ W Bogotá
17%
53° 33′ N , 10° 0′ O Hamburg
17%
59° 56′ N , 30° 16′ O Sankt Petersburg
17%
40° 25′ N , 3° 42′ W Madrid
13%
25° 47′ N , 80° 13′ W Miami
9%
39° 55′ N , 32° 51′ O Ankara
4%
28° 37′ N , 77° 13′ O Neu-Delhi
4%
Keine übereinstimmenden Quizze gefunden
Verteilung der Resultate
Anzahl Personen mit jedem Resultat
Perzentil nach korrekt beantworteten Fragen
Ihre Resultats-Entwicklung
Sie haben dieses Quiz noch nicht gespielt